000 00425nam a22001577a 4500
003 OSt
008 260420b |||||||| |||| 00| 0 eng d
082 _a635.93346
_bS11G
100 _aSahni, Gita Prasad
245 _aGenetic Variability in RIdge Gourd (Luffa acutangula Roxb.)
260 _aBAU, Sabour, Bhagalpur
_bRAU, Sabour
_c1984
300 _a59P.
502 _bMsc.
_d1984
650 _aHorticulture
942 _cT
_2ddc
999 _c50094
_d50094